000 00551 a2200205 4500
005 20260121104101.0
008 260120b |||||||| |||| 00| 0 eng d
020 _a9788119907915
_cRs. 895.00
040 _aMAIN
082 _a547.13
_bJ41P
100 _aJena, Satyaban
245 _aPericyclic and photochemistry: Problem solving approach
260 _bIBS Learning
_c2024
_aNew Delhi
300 _ax, 379
650 _aChemistry
650 _aOrganic Chemistry
650 _aPhoto Chemistry
700 _aRout, Laxmidhar
942 _cBK
999 _c394500
_d394500